Schach: lass dich nicht schlagen #1 - Sudden Death - Statistiken

Allgemein
  • Dieses Quiz wurde 791 mal gespielt
  • Das Durchschnittsergebnis liegt bei 8 aus 15
Answers on the Grid
Answers color-coded by a green-red scale on the quiz's grid according to % correct below.
 
Antwortstatistiken
Antwort % Korrekt
64%
62%
59%
58%
57%
55%
55%
53%
52%
50%
48%
48%
45%
42%
36%
Keine übereinstimmenden Quizze gefunden
Verteilung der Resultate
Anzahl Personen mit jedem Resultat
Perzentil nach korrekt beantworteten Fragen
Ihre Resultats-Entwicklung
Sie haben dieses Quiz noch nicht gespielt